[Event "interzonal"]
[Site "Biel SUI"]
[Date "1976.07.17"]
[Round "6"]
[White "Smejkal, Jan"]
[Black "Gulko, Boris"]
[Result "1-0"]
[WhiteElo "2615"]
[BlackElo "2530"]
[EventDate "1976.07.11"]
[PlyCount "79"]

1.c4 e5 2.Nc3 Nc6 3.g3 g6 4.Bg2 Bg7 5.e3 d6 6.Nge2 Nf6 7.d4 O-O 8.O-O a5 
9.b3 exd4 10.Nxd4 Nxd4 11.exd4 Bg4 12.Qd2 Qc8 13.Re1 Bh3 14.Bh1 c6 15.Bb2 
Qd7 16.d5 c5 17.Nb5 b6 18.Bg2 Bf5 19.f3 h5 20.Bc3 Rfe8 21.Kf2 Rxe1 22.Rxe1
Ne8 23.Bf1 Rd8 24.Qg5 Bxc3 25.Nxc3 f6 26.Qd2 Ng7 27.Na4 Rb8 28.Re3 Kf7 29.
Qe1 Qc7 30.h3 Re8 31.Rxe8 Nxe8 32.g4 hxg4 33.hxg4 Bc8 34.Bd3 Qd8 35.Nxb6 
Ng7 36.Nxc8 Qxc8 37.Qxa5 Qh8 38.Qc7+ Kf8 39.Qxd6+ Kf7 40.Qc7+ 1-0

[Event "interzonal"]
[Site "Biel SUI"]
[Date "1976.07.29"]
[Round "13"]
[White "Smyslov, Vassily"]
[Black "Petrosian, Tigran"]
[Result "1/2-1/2"]
[WhiteElo "2580"]
[BlackElo "2635"]
[EventDate "1976.07.11"]
[PlyCount "31"]

1.Nf3 Nf6 2.d4 d5 3.c4 dxc4 4.e3 e6 5.Bxc4 c5 6.O-O a6 7.dxc5 Qxd1 8.Rxd1 
Bxc5 9.Nbd2 Nbd7 10.b3 b6 11.Bb2 Bb7 12.Rac1 Ke7 13.Be2 Rhc8 14.Ne5 Nxe5 
15.Bxe5 Nd7 16.Bb2 1/2-1/2

[Event "interzonal"]
[Site "Biel SUI"]
[Date "1976.08.03"]
[Round "17"]
[White "Geller, Efim"]
[Black "Diaz, Joaquin Carlos"]
[Result "1-0"]
[WhiteElo "2620"]
[BlackElo "2385"]
[EventDate "1976.07.11"]
[PlyCount "69"]

1.c4 Nf6 2.Nc3 g6 3.e4 d6 4.d4 Bg7 5.f3 O-O 6.Be3 Nbd7 7.Nh3 e5 8.d5 Nh5 
9.Qc2 Nc5 10.Nf2 a5 11.O-O-O b6 12.Nd3 Bd7 13.Kb1 f5 14.Bc1 Rb8 15.Nf2 Kh8
16.Be3 Qe7 17.Ka1 Nf6 18.Be2 Nh5 19.Bf1 Rf7 20.Nb5 Qf8 21.Bxc5 Bxb5 22.
cxb5 bxc5 23.a4 Bh6 24.Re1 Nf6 25.Bd3 Nd7 26.b3 Nb6 27.h4 Bg7 28.h5 gxh5 
29.Rxh5 Nxd5 30.exd5 e4+ 31.Ka2 exd3 32.Nxd3 Re8 33.Reh1 Rfe7 34.Nf4 Kg8 
35.Rxf5 1-0